[Event "HCL-B196"]
[Site "www.playchess.de"]
[Date "2001.03.27"]
[Round "12"]
[White "Pelikan"]
[Black "cmcmark"]
[WhiteElo "1443"]
[BlackElo "1200"]
[PlyCount "31"]
[Result "1-0"]

1.e4 c5 2.Nf3 e6 3.d4 cxd4 4.Nxd4 a6 5.Nc3 Qc7 
6.Be2 b5 7.a3 Bb7 8.O-O Nc6 9.Kh1 Nf6 10.f4 Nxd4 
11.Qxd4 Bc5 12.Qd3 O-O 13.Bf3 d5 {So much for 
turtle time controls!}  14.exd5 Rad8 15.Qe2 exd5 
16.Qd3 1-0

[Event "HCL-B203"]
[Site "www.playchess.de"]
[Date "2001.03.27"]
[Round "11"]
[White "bjw29"]
[Black "altmax"]
[WhiteElo "1500"]
[BlackElo "1200"]
[PlyCount "53"]
[Result "1-0"]

1.e4 c5 {Good luck!}  2.Nf3 Nc6 3.d4 cxd4 4.Nxd4 
Nf6 5.Nc3 d6 6.Bb5 Bd7 7.Be2 e5 8.Nb3 Be7 9.O-O 
O-O 10.Be3 Be6 11.h3 a5 12.a4 Nb4 13.Bg5 Nxe4 
14.Bxe7 Nxc3 15.bxc3 Qxe7 16.cxb4 axb4 17.Bf3 Rfd8 
18.Re1 Ra7 19.Qd2 d5 20.Rxe5 Rda8 21.a5 b6 22.Nd4 
R7xa5 23.Rae1 Rd8 24.Nc6 Qd7 25.Nxd8 Qxd8 26.Bxd5 
h6 27.R5xe6 1-0

[Event "HCL-C205"]
[Site "www.playchess.de"]
[Date "2001.03.27"]
[Round "5"]
[White "Zooey"]
[Black "Brazil"]
[WhiteElo "1508"]
[BlackElo "1800"]
[PlyCount "56"]
[Result "1/2-1/2"]

1.Nf3 d5 2.g3 {Hello there!}  Nc6 {Hey Zooey !Are 
you following Linares ?}  3.Bg2 {Not yet. Know a 
good site?}  Nf6 {there are 2: kasparovchess and 
ajedrez21.com ...}  4.O-O {thanks. not as exiting 
as the wijlk an see tournament, though.}  e5 {i 
agree..that coverage was wonderful...what do u do 
in your job ?}  5.d3 Bc5 6.c3 {I teach languages - 
Danish and English, you?}  O-O {Telecom 
engineer.....}  7.Nxe5 Nxe5 8.d4 Bxd4 9.cxd4 Ng6 
10.Nc3 c6 11.Bg5 h6 12.Bd2 Re8 13.e3 Bf5 14.Qb3 
Qd7 15.Rac1 Ne4 16.Nxe4 Bxe4 17.f3 Bf5 18.Rfe1 Be6 
19.f4 f5 20.Bb4 Ne7 21.a4 Ref8 22.Qa3 Rf7 23.Bc5 
Nc8 24.Qc3 Nd6 25.Bxd6 Qxd6 26.a5 a6 27.Bf3 g6 
28.Rc2 Rc8 1/2-1/2

[Event "HCL-A092"]
[Site "www.playchess.de"]
[Date "2001.03.27"]
[Round "14"]
[White "jmcerna"]
[Black "LarryM1633"]
[WhiteElo "2010"]
[BlackElo "1813"]
[PlyCount "44"]
[Result "0-1"]

1.d4 Nf6 2.c4 g6 3.Nc3 Bg7 4.e4 d6 5.Bg5 h6 6.Be3 
O-O 7.Qd2 Ng4 8.Be2 Nxe3 9.Qxe3 Nd7 10.h4 c5 11.d5 
a6 12.h5 g5 13.Nf3 Nf6 14.Nxg5 Bg4 15.Bxg4 Nxg4 
16.Qg3 Ne5 17.Nf3 Nxc4 18.Rh4 Kh7 19.O-O-O Qb6 
20.Rd2 Nxd2 21.Nxd2 Bf6 22.Rg4 
Rfg8 0-1

[Event "HCL-E035"]
[Site "www.playchess.de"]
[Date "2001.03.27"]
[Round "2"]
[White "Merscheid"]
[Black "AC"]
[WhiteElo "2144"]
[BlackElo "2000"]
[PlyCount "53"]
[Result "1-0"]

1.e4 Nf6 2.e5 Nd5 3.d4 d6 4.Nf3 Bg4 5.Be2 e6 6.O-O 
Be7 7.c4 Nb6 8.Nc3 O-O 9.Be3 a5 10.b3 d5 11.c5 
N6d7 12.Rc1 c6 13.Re1 f6 14.exf6 Bxf6 15.Qd2 h6 
16.h3 Bf5 17.Bf4 Be7 18.Qe3 Kh8 19.Rcd1 Na6 20.Bd3 
Rf7 21.Bxf5 exf5 22.Re2 Bf6 23.Bd6 Rc8 24.Rde1 b5 
25.cxb6 Nxb6 26.Ne5 Bxe5 27.dxe5 1-0

[Event "HCL-C201"]
[Site "www.playchess.de"]
[Date "2001.03.27"]
[Round "11"]
[White "craigsadler"]
[Black "Smutje"]
[WhiteElo "699"]
[BlackElo "931"]
[PlyCount "63"]
[Result "1-0"]

1.c4 e6 2.g3 Bc5 3.Bg2 Qf6 4.e3 Nc6 5.Nc3 Nh6 6.a3 
O-O 7.b4 Bb6 8.c5 Bxc5 9.bxc5 d5 10.cxd6 cxd6 
11.Bb2 e5 12.Nd5 Qf5 13.Qf3 Qc2 14.Nf6+ Kh8 15.Bc3 
Bf5 16.Ng4 Bxg4 17.Qd5 Nf5 18.Bh3 Bh5 19.Bxf5 Ne7 
20.Bxc2 Nxd5 {shit!}  21.Be4 Nf6 22.Bxb7 Rab8 
23.Bf3 Rb3 24.Bxh5 Nxh5 25.Nf3 Nf6 26.O-O Ne4 
27.Bxe5 dxe5 28.Nxe5 Nxd2 29.Rfd1 Ne4 30.Nxf7+ 
Rxf7 31.Rd8+ Rf8 {congratulations!}  
32.Rxf8+ 1-0

[Event "HCL-C201"]
[Site "www.playchess.de"]
[Date "2001.03.27"]
[Round "26"]
[White "TuffGong"]
[Black "Toady"]
[WhiteElo "1410"]
[BlackElo "1000"]
[PlyCount "80"]
[Result "0-1"]

1.d4 d5 2.c3 Nf6 3.Nd2 Nc6 4.Nb3 e5 5.h4 exd4 
6.cxd4 Bb4+ 7.Nd2 Bf5 8.a3 Nxd4 9.Qa4+ Qd7 10.Qxb4 
Nc2+ 11.Kd1 Nxb4 12.axb4 Ne4 13.Nxe4 Bxe4 14.Rh3 
O-O 15.f3 Bf5 16.g4 Be6 17.Rg3 Qd6 18.f4 Qxb4 
19.f5 Bd7 20.Bd2 Qxb2 21.Rga3 b6 22.e3 a5 23.Bc3 
Qf2 24.f6 g6 25.Bd3 Qxg1+ 26.Kc2 Qxg4 27.Be1 Bf5 
28.R3a4 Bxd3+ 29.Kxd3 Qf5+ 30.e4 dxe4+ 31.Rxe4 
Rfe8 32.Raa4 Rxe4 33.Rxe4 Re8 34.h5 gxh5 35.Ke3 
Qxe4+ 36.Kd2 Qxe1+ 37.Kd3 Re3+ 38.Kd4 Qd2+ 39.Kc4 
Qb4+ 40.Kd5 Qc5+ 0-1

[Event "ACL-E003"]
[Site "www.playchess.de"]
[Date "2001.03.27"]
[Round "12"]
[White "Goofy"]
[Black "peze"]
[WhiteElo "1753"]
[BlackElo "1869"]
[PlyCount "44"]
[Result "1/2-1/2"]

1.d4 Nf6 2.c4 e6 3.Nc3 Bb4 4.e3 b6 5.Be2 Bb7 6.Bf3 
Bxc3+ 7.bxc3 Bxf3 8.Qxf3 d5 9.cxd5 Qxd5 10.Ne2 c5 
11.Nf4 Qxf3 12.gxf3 Nc6 13.Rg1 Rg8 14.Ba3 e5 
15.Ne2 cxd4 16.cxd4 exd4 17.Nxd4 Nxd4 18.exd4 
O-O-O 19.O-O-O Rd7 20.Bb2 Nd5 21.Kd2 h6 22.Kd3 
g5 1/2-1/2

[Event "ACL-E003"]
[Site "www.playchess.de"]
[Date "2001.03.27"]
[Round "14"]
[White "Goofy"]
[Black "player27"]
[WhiteElo "1753"]
[BlackElo "1695"]
[PlyCount "42"]
[Result "0-1"]

1.d4 e6 {na gut, auf ein Neues (eig. wollt ich ja 
nicht mehr gegen Dich spielen)}  2.c4 {Warum? 
Spiele ich so schlecht? Viel Glück und auf eine 
spannende Partie!}  Nf6 {aber nein,ganz im 
Gegenteil, du spielst sehr gut- Schwamm 
drüber,solche Gegner fördern mein Spiel}  3.Nc3 
{Spielst du im Verein? Hast Du eine DWZ oder ELO?} 
 Bb4 {nein (noch) kein Verein, immer noch reiner 
Hobbyspieler! Hier und bei freechess.de erste 
Wertungen}  4.e3 {Ich spiele seit über 20 Jahren 
im Verein. Das letzte halbe Jahr bin ich total 
internetsüchtig.......}  O-O {das kenne ich *g* 
aber das IN- Fernschach kann den Club doch nicht 
ganz ersetzen,aber viele Leute ke}  5.Nf3 {Da hast 
du Recht. Ich spiele in einem sehr gemütlichen 
Verein in Oberbayern. Wir spielen Regionaliga}  d5 
{ich nehme das IN-Fernschach nicht so 
bierernst,etwas FUN sollte auch sein- Viel Spass 
gegen PeZe ; )}  6.Bd3 {Gegen peze habe ich 
mittlerweile 7 oder 8 Partien laufen!  :-)))}  c5 
{eine ganz harte Nuss, der Peter!+ Rüdiger 
(vorlop/janus)+ Blitzmich!}  7.O-O Nc6 {denke, das 
Turnier ist bis jetzt sehr stark besetzt}  8.a3 
dxc4 9.Bxc4 cxd4 10.exd4 Be7 11.Re1 b6 12.b4 Bb7 
13.Bb2 Rc8 14.Qb3 Nxd4 15.Nxd4 Qxd4 16.Bxe6 fxe6 
17.Qxe6+ Rf7 18.Rad1 Qg4 19.Qxg4 Nxg4 20.Rd7 Bf6 
21.Rd3 Nxf2 0-1

[Event "ACL-E003"]
[Site "www.playchess.de"]
[Date "2001.03.27"]
[Round "15"]
[White "iq160"]
[Black "Goofy"]
[WhiteElo "1660"]
[BlackElo "1753"]
[PlyCount "42"]
[Result "0-1"]

1.e4 c5 2.c4 Nc6 3.d3 g6 4.Nc3 Bg7 5.Nf3 d6 6.Be2 
Nf6 7.O-O O-O 8.h3 h6 9.Be3 e5 10.Rb1 Be6 11.a3 
Qd7 12.Qc1 Kh7 13.b4 b6 14.bxc5 dxc5 15.Nd5 Nh5 
16.Nh2 Nf4 17.Bxf4 exf4 18.Qxf4 Be5 19.Qd2 Nd4 
20.Bd1 Bxh2+ 21.Kxh2 f5 0-1

[Event "ACL-E007"]
[Site "www.playchess.de"]
[Date "2001.03.27"]
[Round "3"]
[White "peze"]
[Black "Goofy"]
[WhiteElo "1889"]
[BlackElo "1744"]
[PlyCount "63"]
[Result "1-0"]

1.d4 {Hallo Erik, der Zweikampf weitet sich aus. 
:-)}  e6 2.e4 d5 3.Nd2 Nf6 4.Bd3 c5 5.e5 Nfd7 6.c3 
Nc6 7.Ngf3 Qb6 8.O-O cxd4 9.cxd4 Nxd4 10.Nxd4 Qxd4 
11.Nf3 Qb6 12.Qa4 Qb4 13.Qc2 Qc5 14.Qd2 Be7 15.Qe2 
Qc7 16.Bd2 O-O 17.Rac1 Qb8 18.Rc2 b6 19.Rfc1 
{Hallo Erik, sieht nach remis aus. Gruß Peter}  
Nc5 20.Bg5 Qb7 21.Qe3 f5 22.Be2 Bxg5 23.Nxg5 Qe7 
24.f4 Bb7 25.b4 Na6 26.Qh3 h6 27.Bxa6 Bxa6 28.R2c7 
Qe8 29.Rxg7+ Kxg7 30.Rc7+ Kg6 31.Rh7 Rh8 
32.Qxh6+ 1-0

[Event "ACL-E007"]
[Site "www.playchess.de"]
[Date "2001.03.27"]
[Round "6"]
[White "Goofy"]
[Black "iq160"]
[WhiteElo "1744"]
[BlackElo "1654"]
[PlyCount "59"]
[Result "1-0"]

1.d4 d5 2.c4 e6 3.Nc3 Be7 4.Nf3 Nf6 5.Bg5 Nbd7 
6.e3 O-O 7.Rc1 c6 8.Bd3 dxc4 9.Bxc4 Nb6 10.Bd3 
Nbd7 11.O-O h6 12.Bh4 g5 13.Bg3 Nh5 14.Bb1 Nxg3 
15.fxg3 f5 16.Qb3 Nb6 17.Ne5 Kg7 18.g4 Bf6 19.gxf5 
Bxe5 20.dxe5 exf5 21.e6 Qe8 22.Bxf5 Rxf5 23.Rxf5 
Bxe6 {warum du dich für diese variante entschieden 
hast ist mir ein rätsel}  24.Qc2 Bxf5 25.e4 Be6 
26.Rf1 Qe7 27.e5 Rf8 28.Rxf8 Qxf8 29.Ne4 Qf5 
30.h4 1-0

[Event "ACL-A115"]
[Site "www.playchess.de"]
[Date "2001.03.27"]
[Round "8"]
[White "DaveM"]
[Black "lsoule"]
[WhiteElo "1424"]
[BlackElo "1500"]
[PlyCount "96"]
[Result "1/2-1/2"]

1.e4 {good luck}  c5 {Hello from Santa Cruz, CA.  
Good luck to you as well}  2.Nf3 {from long 
island,ny}  d6 3.d4 cxd4 4.Nxd4 Nf6 5.Nc3 Nc6 
6.Bg5 e6 7.Qd2 Be7 8.O-O-O O-O 9.Nb3 Qb6 10.f3 Rd8 
11.Be3 Qc7 12.Qf2 d5 13.exd5 Nxd5 14.Nxd5 Rxd5 
15.Rxd5 exd5 16.Bb5 Nb4 17.Kb1 a6 18.Bf1 Bf5 
19.Nd4 Bg6 20.Qd2 Bf6 21.Bd3 Nxd3 22.cxd3 Qc4 
23.Ka1 Qxd3 24.Qxd3 Bxd3 25.Rd1 Bg6 26.a3 Re8 
27.Bf4 Rc8 28.Ka2 Rc4 29.Be3 b5 30.Rd2 b4 31.axb4 
Rxb4 32.b3 Rb8 33.g4 h6 34.Bf2 a5 35.f4 Be4 36.h4 
a4 37.bxa4 Rb4 38.Ka3 Rc4 39.Kb3 Be7 40.Ra2 Kh7 
41.a5 Bc5 42.Nf5 g6 43.Bxc5 gxf5 44.Bf2 fxg4 45.a6 
Rc8 46.Bd4 Bd3 47.Ra3 Ra8 48.a7 
Bf5 1/2-1/2

[Event "HCL-C212"]
[Site "www.playchess.de"]
[Date "2001.03.27"]
[Round "6"]
[White "Jasper_Hattink"]
[Black "King_Slayer"]
[WhiteElo "857"]
[BlackElo "1000"]
[PlyCount "55"]
[Result "1-0"]

1.e4 e6 2.d4 d5 3.Nc3 Bb4 4.f3 c5 5.Bb5+ Nc6 
6.Nge2 Bd7 7.O-O Qb6 8.Be3 Bxc3 9.Bxc6 Bxc6 
10.bxc3 cxd4 11.Bxd4 Qc7 12.Bxg7 f6 13.Bxh8 Kf7 
14.Qe1 Ne7 15.Bg7 Kxg7 16.Qg3+ Qxg3 17.Nxg3 Rc8 
18.Rfd1 Ba4 19.Rac1 Rxc3 20.Rd3 Rxc2 21.Rxc2 Bxc2 
22.Rc3 Bb1 23.Rc7 Kf7 24.Rxb7 Bxa2 25.Rxa7 Bc4 
26.Kf2 e5 27.Nf5 d4 28.Rxe7+ 1-0

[Event "ACL-E007"]
[Site "www.playchess.de"]
[Date "2001.03.27"]
[Round "10"]
[White "iq160"]
[Black "Al-azmi"]
[WhiteElo "1654"]
[BlackElo "2086"]
[PlyCount "56"]
[Result "0-1"]

1.e4 c5 2.c4 Nc6 3.g3 g6 4.Nc3 Bg7 5.Nge2 d6 6.Bg2 
e5 7.d3 Nge7 8.Be3 O-O 9.Rb1 Bg4 10.Qd2 Nd4 11.f4 
Nxe2 12.Nxe2 Bxe2 13.Kxe2 exf4 14.Bxf4 Nc6 15.Rbf1 
Bd4 16.Kd1 Nb4 17.a3 Nc6 18.e5 Nxe5 19.Bxe5 dxe5 
20.Bd5 Qb6 21.Rf3 {opposite-coloured bishops. It's 
drawn. You should've kept the knight}  Rad8 22.Kc1 
Kg7 23.Rhf1 f5 24.Kb1 {khalaf Al-azmi aus kuweit, 
ha ha ha. Peze???}  Qb3 {????}  25.Qc2 {you dont 
think this is a draw?? tell me the winning line, 
please or did I miss something?}  Qxc2+ {u want 
draw?}  26.Kxc2 b5 {but i have extra paon}  27.b4 
bxc4 {play and u will c e5=Q or take ur rook}  
28.dxc4 {you want to promote the e5-pawn?}  Rdb8 
{not now}  0-1

[Event "ACL-A108"]
[Site "www.playchess.de"]
[Date "2001.03.27"]
[Round "17"]
[White "SuperNova"]
[Black "DIG"]
[WhiteElo "1633"]
[BlackElo "1500"]
[PlyCount "65"]
[Result "1-0"]

1.d4 {Hello and good luck!}  c6 2.c4 d5 3.Nf3 Nf6 
4.Nc3 h6 5.e3 e6 6.Bd3 Nbd7 7.O-O dxc4 8.Bxc4 Nb6 
9.Bd3 Bd6 10.e4 Bc7 11.b3 Qe7 12.a4 a5 13.Ba3 Bd6 
14.Bxd6 Qxd6 15.e5 Qb4 16.Na2 Qe7 17.exf6 Qxf6 
18.Qe2 Nd5 19.Rac1 Bd7 20.Qe5 Qxe5 21.Nxe5 Bc8 
22.Nc3 Nb4 23.Be2 O-O 24.Rfd1 Rd8 25.Bf3 Bd7 
26.Ne4 Be8 27.Nc4 f5 28.Nc5 Ra7 29.Nxe6 Rd7 30.Nb6 
Rf7 31.Nc8 Ra8 32.Nd6 Rf6 33.Nc7 1-0

[Event "HCL-E026"]
[Site "www.playchess.de"]
[Date "2001.03.27"]
[Round "9"]
[White "fareh"]
[Black "peze2"]
[WhiteElo "2000"]
[BlackElo "2354"]
[PlyCount "35"]
[Result "1-0"]

1.e4 {hello from morocco}  e5 {Hello from 
Wuppertal / Germany! Good luck!}  2.Nf3 Nf6 3.Nxe5 
d6 4.Nf3 Nxe4 5.d4 d5 6.Bd3 Bd6 7.O-O Bg4 8.c4 O-O 
9.cxd5 f5 10.Nc3 Nd7 11.Bxe4 fxe4 12.Nxe4 Bxf3 
13.gxf3 Nb6 14.Bg5 Qd7 15.Qb3 Qh3 16.Ng3 Rf5 17.f4 
Rf7 18.Rae1 1-0

[Event "HCL-A098"]
[Site "www.playchess.de"]
[Date "2001.03.27"]
[Round "27"]
[White "Goldhair"]
[Black "Good_Chess"]
[WhiteElo "1539"]
[BlackElo "1700"]
[PlyCount "43"]
[Result "1-0"]

1.c4 e5 2.Nc3 g6 3.g3 Bg7 4.Bg2 Ne7 5.d3 Nbc6 
6.Nf3 d6 7.O-O h5 8.Nd5 Be6 9.Bg5 Bxd5 10.cxd5 Nd4 
11.Nxd4 exd4 12.Qb3 Rb8 13.Qa4+ Qd7 14.Qxa7 O-O 
15.Rfc1 Rfe8 16.Rc2 Qc8 17.Qa5 Qf5 18.Bf4 b6 
19.Qb5 c6 20.Qb3 c5 21.Bxd6 Rbc8 
22.Bxe7 1-0

[Event "HCL-E026"]
[Site "www.playchess.de"]
[Date "2001.03.27"]
[Round "18"]
[White "Rustaveli"]
[Black "peze2"]
[WhiteElo "2000"]
[BlackElo "2354"]
[PlyCount "21"]
[Result "1-0"]

1.d4 Nf6 2.Bg5 {Herzliche Gruesse aus Brasilien 
und ein gutes Spiel!}  d5 {Herzlichen Dank und 
viel Glück. Dein Deutsch ist perfekt.}  3.Nd2 c6 
4.e3 {Ich bin Sprachwissenschaftler, habe ja drei 
Jahre in Deutschland studiert...}  Bg4 {...das 
erklärt alles. Hast Du zufällig in Heidelberg 
studiert?}  5.f3 {Nein, in der Ruhr-Uni Bochum}  
Bh5 {Das ist ganz in der Nähe meines Wohnortes 
Wuppertal. Heidelberg ist meine Heimatstadt.}  
6.Ne2 {Ich war oft in Wuppertal. Schwebebahn.Hatte 
Freunde in Duesseldorf und eine Freundin in 
Schwelm.}  Nbd7 {Mich hat die Liebe von Heidelberg 
nach Wuppertal verschlagen. Bist Du öfter in 
Deutschland ?}  7.Nf4 {Nicht sooft als ich 
moechte. Letztes Mal war in 1995.}  Bg6 8.Nxg6 
hxg6 9.Bd3 e5 10.Qe2 Qa5 11.Bxf6 1-0

[Event "HCL-C221"]
[Site "www.playchess.de"]
[Date "2001.03.27"]
[Round "8"]
[White "Flay"]
[Black "guerino"]
[WhiteElo "1295"]
[BlackElo "1134"]
[PlyCount "39"]
[Result "1-0"]

1.e4 e6 2.d4 d5 3.e5 c5 4.Nf3 Nc6 5.Bb5 Qb6 
6.Bxc6+ Qxc6 7.O-O h6 8.Nc3 Ne7 9.dxc5 Qxc5 10.Be3 
Qc6 11.Nd4 Qc7 12.Ndb5 Qc6 13.Nd6+ Kd7 14.Nxf7 Rg8 
15.Nd6 a6 16.Qf3 Ng6 17.Qf7+ Ne7 18.Na4 Kd8 
19.Bb6+ Kd7 20.Qe8+ 1-0

[Event "HCL-M014"]
[Site "www.playchess.de"]
[Date "2001.03.27"]
[Round "4"]
[White "Avulcan"]
[Black "Bob-Arctor"]
[WhiteElo "2200"]
[BlackElo "2200"]
[PlyCount "23"]
[Result "1-0"]

1.e4 e6 {Hello ! I am happy to play with you ! Do 
you have a FIDE or a ICCF rating ?}  2.Qe2 d5 
3.exd5 Qxd5 4.Nc3 Qd8 5.Nf3 c5 6.g3 Ne7 7.Bg2 Nbc6 
8.O-O Nf5 9.d3 Be7 10.a3 Nfd4 11.Nxd4 Nxd4 
12.Qd1 1-0

[Event "HCL-C213"]
[Site "www.playchess.de"]
[Date "2001.03.27"]
[Round "9"]
[White "lienk"]
[Black "guerino"]
[WhiteElo "1070"]
[BlackElo "1134"]
[PlyCount "35"]
[Result "1-0"]

1.e4 c5 2.Bc4 Nc6 3.Nf3 d6 4.O-O Nf6 5.Ng5 Ne5 
6.f4 Nxc4 7.d3 Nb6 8.Be3 e6 9.Nc3 Be7 10.e5 dxe5 
11.fxe5 Nfd5 12.Nxf7 Nxe3 13.Nxd8 Nxd1 14.Raxd1 
Bxd8 15.Nb5 Nd5 16.Rf3 a6 17.Nd6+ Ke7 
18.Rf7+ 1-0

[Event "HCL-E038"]
[Site "www.playchess.de"]
[Date "2001.03.27"]
[Round "7"]
[White "Ostap_Bender"]
[Black "peze2"]
[WhiteElo "2380"]
[BlackElo "2318"]
[PlyCount "35"]
[Result "1-0"]

1.d4 Nf6 2.c4 e6 3.Nc3 Bb4 4.f3 d5 5.a3 Bxc3+ 
6.bxc3 c6 7.e3 O-O 8.Bd3 b6 9.Ne2 Ba6 10.cxd5 Bxd3 
11.Qxd3 cxd5 12.O-O Qc7 13.e4 Nbd7 14.e5 Ne8 15.a4 
f6 16.Ba3 Rf7 17.f4 Qc6 18.Qb5 1-0

[Event "HCL-B224"]
[Site "www.playchess.de"]
[Date "2001.03.27"]
[Round "3"]
[White "Translightor"]
[Black "Whatever"]
[WhiteElo "1489"]
[BlackElo "1473"]
[PlyCount "89"]
[Result "1-0"]

1.e4 c5 2.Nf3 Nc6 {Have a nice game.}  3.d4 cxd4 
4.Nxd4 g6 5.c4 Bg7 6.Be3 Nf6 7.Nc3 O-O 8.Be2 Qa5 
9.O-O d6 10.Nb3 Qd8 11.a3 Bd7 12.Nd4 a6 13.h3 Rc8 
14.Rc1 Nxd4 15.Bxd4 Bc6 16.Qd3 Rc7 17.Bb6 Qd7 {I 
guess I did input the wrong square from which to 
go to c7. I obviously intended the queen. Draw?}  
18.Bd4 {I think I have advantage even then. Repeat 
the position with Qc7 instead of Rc7?}  Rcc8 {I 
respect your fair sportsmanship. I agree to 
repeating the position. Thank you.}  19.Be3 {No 
problem. I wondered how you could play Rc7. Oops, 
I should be at d4 NOW!}  Qd8 {No problem. I don't 
have much space, but I have enough to wait one 
move.}  20.Bd4 {Okay, you play c7, and tomorrow 
we'll fight on. Good night (in my time zone!).}  
Qc7 21.f4 Nd7 22.b4 Bxd4+ 23.Qxd4 Qb6 24.Qxb6 Nxb6 
25.Nd5 Nxd5 26.exd5 Bd7 27.Rc3 Rc7 28.Rfc1 Rfc8 
29.Kf2 Kf8 {You are up late today.}  30.g4 h6 
31.Ke3 e6 32.Bf3 b6 33.Kd4 Ke7 34.c5 dxc5+ 35.bxc5 
bxc5+ 36.R3xc5 R7xc5 37.Rxc5 Kd6 38.dxe6 fxe6 
39.Rxc8 Bxc8 40.h4 Bd7 41.Be4 Be8 42.Bb7 a5 43.Be4 
Bf7 44.Bc2 {I can't attempt to win, e.g. 44.Kc4 
e5+. But a draw against you isn't bad.}  Be8 {This 
was an excellent game. Thank you.}  45.Be4 {See 
ya!}  1-0

[Event "HCL-E041"]
[Site "www.playchess.de"]
[Date "2001.03.27"]
[Round "5"]
[White "NOHAU"]
[Black "cazlab"]
[WhiteElo "2138"]
[BlackElo "2100"]
[PlyCount "33"]
[Result "1-0"]

1.e4 e5 {Hi !}  2.Nf3 Nc6 3.Bb5 a6 4.Bxc6 {hello}  
dxc6 5.O-O Bd6 6.d4 exd4 7.Qxd4 f6 8.Be3 Ne7 
9.Nbd2 Be6 10.Rfd1 O-O 11.Nc4 Bb4 12.a3 Qxd4 
13.Nxd4 Bxc4 14.axb4 Rad8 15.b3 Bf7 16.Rd2 Rd7 
17.Nxc6 1-0

[Event "HCL-B229"]
[Site "www.playchess.de"]
[Date "2001.03.27"]
[Round "5"]
[White "vijal"]
[Black "German04"]
[WhiteElo "1500"]
[BlackElo "1198"]
[PlyCount "54"]
[Result "0-1"]

1.d4 d5 2.Nc3 Nf6 3.Bf4 a6 4.Nf3 e6 5.a3 Bd6 
6.Bxd6 Qxd6 7.e3 O-O 8.Bd3 c5 9.dxc5 Qxc5 10.O-O 
e5 11.Be2 e4 12.Nd4 Nc6 13.Nxc6 bxc6 14.Qd4 Qd6 
15.h3 a5 16.Rad1 Bf5 17.f3 exf3 18.Bxf3 Bxc2 
19.Rdc1 Bg6 20.Ne2 Rab8 21.Rc5 Rxb2 22.Rxa5 Re8 
23.Nf4 Be4 24.Ra6 Bxf3 25.Rxf3 Ne4 26.Nd3 Rd2 
27.Qa7 Rd1+ 0-1

[Event "ACL-A112"]
[Site "www.playchess.de"]
[Date "2001.03.27"]
[Round "14"]
[White "vijal"]
[Black "ulibear"]
[WhiteElo "1500"]
[BlackElo "1501"]
[PlyCount "54"]
[Result "0-1"]

1.d4 d5 2.Nf3 e6 3.a3 c5 4.Bf4 Qb6 5.b3 Nc6 6.e3 
cxd4 7.exd4 Nf6 8.c4 dxc4 {interesting moves so 
far}  9.Bxc4 Be7 10.Nc3 a6 11.O-O O-O 12.Rc1 Bxa3 
13.Rb1 Qd8 14.h3 b5 15.Be2 Bb7 16.Be3 Bd6 {nice 
game around your isolani}  17.Qd3 Nb4 18.Qd2 Nfd5 
{dancing knights ...}  19.Nxd5 Nxd5 20.Rfc1 Nxe3 
21.fxe3 Rc8 22.Rxc8 Qxc8 23.Rc1 Qa8 24.Rc2 g6 
25.Ra2 Qe8 26.Qc2 Qd7 {lively middle game}  27.Qe4 
Bxe4 0-1

[Event "HCL-C232"]
[Site "www.playchess.de"]
[Date "2001.03.27"]
[Round "7"]
[White "morphy"]
[Black "Jeremy"]
[WhiteElo "1000"]
[BlackElo "1000"]
[PlyCount "38"]
[Result "0-1"]

1.e4 c6 2.d4 d5 3.exd5 cxd5 4.c4 Nf6 5.Nc3 e6 
6.Nf3 Be7 7.cxd5 Nxd5 8.Bb5+ Nc6 9.Qa4 O-O {Sorry 
for the delay!}  10.O-O {Good to have you back...} 
 Nb6 11.Qd1 Qd6 12.a3 Rd8 13.Bxc6 Qxc6 14.Re1 Bf6 
15.Ne5 Qc7 16.Ne4 Bxe5 17.Nf6+ Bxf6 18.Be3 Nd5 
19.Rc1 Qe7 0-1

[Event "HCL-C228"]
[Site "www.playchess.de"]
[Date "2001.03.27"]
[Round "13"]
[White "yaroslav"]
[Black "guigao"]
[WhiteElo "1005"]
[BlackElo "1360"]
[PlyCount "48"]
[Result "0-1"]

1.e4 e5 2.d4 exd4 3.Qxd4 Nc6 4.Qd5 Nf6 5.Qb3 Qe7 
6.Nc3 Nxe4 7.Be3 Nxc3 8.Qxc3 Qe6 9.O-O-O Qxa2 
10.b3 Ba3+ 11.Kd2 Bb4 12.Re1 Bxc3+ 13.Kxc3 Qa5+ 
14.Kb2 Qxe1 15.Nf3 Qb4 16.Bd2 Qd6 17.Be3 O-O 
18.Bd3 Nb4 19.Ra1 Nxd3+ 20.cxd3 Qxd3 21.Bc5 d6 
22.Bxa7 Bf5 23.Nd4 Qd2+ 24.Ka3 
Rxa7+ 0-1

[Event "ACL-A113"]
[Site "www.playchess.de"]
[Date "2001.03.27"]
[Round "4"]
[White "guerino"]
[Black "Habi"]
[WhiteElo "1325"]
[BlackElo "1830"]
[PlyCount "40"]
[Result "0-1"]

1.e4 e6 2.d4 d5 3.Nc3 Bb4 4.e5 c5 5.a3 Ba5 6.b4 
cxd4 7.Nb5 Bc7 8.Qxd4 Nc6 9.Nxc7+ Qxc7 10.Qf4 Nxe5 
11.Bd3 Qc3+ 12.Ke2 Nxd3 13.cxd3 Qxa1 14.Nf3 Nf6 
15.Qd2 Bd7 16.Re1 Rc8 17.Bb2 Qa2 18.Kf1 Bb5 19.Ne5 
Ne4 20.Qc2 Rxc2 0-1

[Event "HCL-B234"]
[Site "www.playchess.de"]
[Date "2001.03.27"]
[Round "10"]
[White "rafita"]
[Black "RMil"]
[WhiteElo "1418"]
[BlackElo "1200"]
[PlyCount "61"]
[Result "1-0"]

1.e4 e5 2.Nf3 Nc6 3.Bb5 Nf6 4.O-O Nxe4 5.d4 Bd6 
6.Re1 f5 7.Bxc6 dxc6 8.dxe5 Bc5 9.Qxd8+ Kxd8 
10.Be3 Bxe3 11.Rxe3 Bd7 12.Nbd2 Nxd2 13.Nxd2 Re8 
14.Rd1 b5 15.Nb3 Kc8 16.Nc5 Be6 17.Red3 Bc4 
18.R3d7 a5 19.Rxg7 Kb8 20.Rxh7 Bg8 21.Rg7 Ka7 
22.f4 Bxa2 23.b3 Kb6 24.Nd7+ Ka7 25.Ra1 Bxb3 
26.Rxa5+ Kb7 27.Rxa8 Kxa8 28.cxb3 Rd8 29.e6 Re8 
30.e7 Kb7 31.Nf6 1-0

[Event "HCL-B239"]
[Site "www.playchess.de"]
[Date "2001.03.27"]
[Round "3"]
[White "FEMW"]
[Black "showgun"]
[WhiteElo "1755"]
[BlackElo "1200"]
[PlyCount "27"]
[Result "1-0"]

1.e4 {Hi, hope we will have a good game!}  e5 2.f4 
d6 3.Nf3 f6 4.fxe5 dxe5 5.c3 Ne7 6.Bc4 c6 7.O-O 
Ng6 8.d4 Qb6 9.Na3 Nd7 10.Nc2 Bd6 11.Kh1 h6 
12.dxe5 Ndxe5 13.Nxe5 Bxe5 14.Qh5 1-0

[Event "HCL-C234"]
[Site "www.playchess.de"]
[Date "2001.03.27"]
[Round "18"]
[White "fossa"]
[Black "guerino"]
[WhiteElo "836"]
[BlackElo "1134"]
[PlyCount "34"]
[Result "0-1"]

1.e3 d5 2.c4 Nf6 3.Nc3 e6 4.Nf3 Be7 5.Bd3 dxc4 
6.Bxc4 O-O 7.Qc2 a6 8.Bd3 Nc6 9.Ng5 h6 10.Nge4 Nb4 
11.Qb3 Nxd3+ 12.Kf1 b5 13.Nxf6+ Bxf6 14.Qc2 c5 
15.b3 Bb7 16.f3 b4 17.Ne4 Bxa1 0-1

[Event "HCL-E039"]
[Site "www.playchess.de"]
[Date "2001.03.27"]
[Round "11"]
[White "DKCozy"]
[Black "Alcides"]
[WhiteElo "1718"]
[BlackElo "2400"]
[PlyCount "36"]
[Result "0-1"]

1.f4 e5 2.e4 {Kings gambit !}  exf4 3.Nf3 g5 {i 
love this opening ;)}  4.h4 g4 5.Bc4 gxf3 6.Qxf3 
Nc6 7.O-O Bc5+ 8.Kh1 Qxh4+ 9.Qh3 Qxh3+ 10.gxh3 d5 
11.Bxd5 Nd4 12.c3 Nc2 13.d4 Be7 14.Bxf4 c6 15.Bc4 
Nxa1 16.Bd3 Bxh3 17.Rf2 Nf6 18.Be5 
Ng4 0-1